000 00207 a2200097 4500
001 42531
100 _aSeaton
245 _aFrederick the greats Army
260 _aEngland
_bOsprey
_c
090 _c26443
_d26443
942 _aNUST-CAE
_cM
_c18273
999 _c277604
_d277604